[Event "Polugaevsky Memorial 2018"]
[Site "Samara"]
[Date "2018.07.10"]
[Round "2"]
[White "Frolyanov, Dmitry"]
[Black "Natacheev Peter"]
[Result "1-0"]
[WhiteElo "2540"]
[BlackElo "2227"]
[Annotator "ChessBase"]
[PlyCount "101"]
[EventDate "2018.07.10"]
[EventType "swiss"]
[EventCountry "RUS"]
[SourceTitle "playchess.com"]
[Source "ChessBase"]
[SourceQuality "1"]
[TimeControl "40/5400+30:1800+30"]

1. e4 {[%emt 0:00:00]} e5 {[%emt 0:00:00]} 2. Nf3 {[%emt 0:00:00]} Nc6 {[%emt 0:00:00]} 3. Bb5 {[%emt 0:00:00]} a6 {[%emt 0:00:27]} 4. Ba4 {[%emt 0:00:00]} Nf6 {[%emt 0:00:09]} 5. O-O {[%emt 0:00:00]} Be7 {[%emt 0:00:31]} 6. Re1 {[%emt 0:00:09]} b5 {[%emt 0:00:24]} 7. Bb3 {[%emt 0:00:06]} O-O {[%emt 0:01:08]} 8. c3 {[%emt 0:01:57]} d6 {[%emt 0:00:51]} 9. h3 {[%emt 0:00:10]} Na5 {[%emt 0:00:21]} 10. Bc2 {[%emt 0:00:09]} c5 {[%emt 0:00:06]} 11. d4 {[%emt 0:00:08]} Qc7 {[%emt 0:00:25]} 12. Nbd2 {[%emt 0:00:20]} cxd4 {[%emt 0:04:50]} 13. cxd4 {[%emt 0:00:08]} Bd7 {[%emt 0:00:28]} 14. Nf1 {[%emt 0:05:41]} Rfc8 {[%emt 0:01:52]} 15. Bd3 {[%emt 0:09:54]} Nc6 {[%emt 0:01:56]} 16. Be3 {[%emt 0:00:54]} Nb4 {[%emt 0:02:42]} 17. Rc1 {[%emt 0:01:50]} Qb7 {[%emt 0:02:54]} 18. Bb1 {[%emt 0:03:11]} Nc6 {[%emt 0:06:03]} 19. Qe2 {[%emt 0:04:15]} Bd8 {[%emt 0:01:39]} 20. Rcd1 {[%emt 0:03:14]} Ba5 {[%emt 0:02:57]} 21. N1d2 {[%emt 0:02:30]} Bb6 {[%emt 0:00:53]} 22. Nb3 {[%emt 0:00:33]} Qa7 {[%emt 0:02:45]} 23. Rd2 {[%emt 0:08:28]} a5 {[%emt 0:06:07]} 24. Red1 {[%emt 0:01:27]} a4 {[%emt 0:01:26]} 25. Na1 {[%emt 0:00:08]} Rc7 {[%emt 0:04:37]} 26. dxe5 {[%emt 0:04:36]} dxe5 {[%emt 0:01:00]} 27. Nc2 {[%emt 0:00:21]} Rac8 {[%emt 0:04:58]} 28. Bxb6 {[%emt 0:01:51]} Qxb6 {[%emt 0:00:05]} 29. Ne3 {[%emt 0:00:26]} Re8 {[%emt 0:16:24]} 30. Rd6 {[%emt 0:03:47]} Rb7 {[%emt 0:05:51]} 31. Nd5 {[%emt 0:08:12]} Nxd5 {[%emt 0:02:01]} 32. R1xd5 {[%emt 0:00:13]} Be6 {[%emt 0:02:14]} 33. Qc2 {[%emt 0:01:12]} Rc7 {[%emt 0:03:51]} 34. Rc5 {[%emt 0:01:57]} Bc4 {[%emt 0:04:15]} 35. Rxe5 {[%emt 0:00:44]} Rec8 {[%emt 0:01:59]} 36. Qd2 {[%emt 0:01:54]} f6 {[%emt 0:03:14]} 37. Rf5 {[%emt 0:01:33]} Qb8 {[%emt 0:02:45]} 38. e5 {[%emt 0:01:50]} fxe5 {[%emt 0:00:10]} 39. Rh5 {[%emt 0:03:15]} h6 {[%emt 0:05:54]} 40. Nxe5 {[%emt 0:00:00]} Nxe5 {[%emt 0:00:00]} 41. Rxe5 {[%emt 0:03:07]} Rd7 {[%emt 0:02:54]} 42. Rxd7 {[%emt 0:03:35]} Qxe5 {[%emt 0:00:28]} 43. Bg6 {[%emt 0:03:37]} Qf6 {[%emt 0:01:36]} 44. Rd6 {[%emt 0:00:23]} Qe7 {[%emt 0:00:38]} 45. a3 {[%emt 0:00:41]} Rf8 {[%emt 0:01:55]} 46. g3 {[%emt 0:05:09]} Qe5 {[%emt 0:01:19]} 47. h4 {[%emt 0:02:30]} Qe7 {[%emt 0:01:03]} 48. h5 {[%emt 0:03:01]} Qe5 {[%emt 0:01:31]} 49. Rd8 {[%emt 0:01:34]} Qf6 {[%emt 0:00:29]} 50. Rxf8+ {[%emt 0:01:36]} Kxf8 {[%emt 0:00:36]} 51. Qd7 {[%emt 0:01:26]} 1-0

[Event "Polugaevsky Memorial 2018"]
[Site "Samara"]
[Date "2018.07.10"]
[Round "2"]
[White "Burmakin, Vladimir"]
[Black "Mukhin Alexander"]
[Result "1/2-1/2"]
[WhiteElo "2490"]
[BlackElo "2167"]
[Annotator "TA"]
[PlyCount "28"]
[EventDate "2018.07.10"]
[EventType "swiss"]
[EventCountry "RUS"]
[SourceTitle "playchess.com"]
[Source "ChessBase"]
[SourceQuality "1"]

{[%evp 20,28,19,16,27,15,20,13,16,10,14]} 1. d4 Nf6 2. g3 d5 3. Nf3 e6 4. Bg2 Be7 5. c4 O-O 6. Qc2 c5 7. O-O cxd4 8. Nxd4 Nc6 9. Nxc6 bxc6 10. b3 Ba6 {E06: Closed Catalan: Early deviations} 11. Nd2 {LiveBook: 10 Games} Qa5 12. Bb2 Rfd8 {The position is equal.} 13. Rfc1 $146 ({Predecessor:} 13. Rfd1 Rac8 14. e3 Nd7 15. a3 Qb6 16. Rab1 Bb7 17. b4 Ba8 {1-0 (64) Skembris,S (2530)-Tisdall,J (2455) Manila 1992}) 13... Rac8 14. e3 h6 1/2-1/2

[Event "Polugaevsky Memorial 2018"]
[Site "Samara"]
[Date "2018.07.10"]
[Round "2"]
[White "Gaifullin, Artur"]
[Black "Karpeshov Dmitry"]
[Result "1-0"]
[WhiteElo "2448"]
[BlackElo "2160"]
[Annotator "ChessBase"]
[PlyCount "61"]
[EventDate "2018.07.10"]
[EventType "swiss"]
[EventCountry "RUS"]
[SourceTitle "playchess.com"]
[Source "ChessBase"]
[SourceQuality "1"]
[TimeControl "40/5400+30:1800+30"]

1. Nf3 {[%emt 0:00:00]} Nf6 {[%emt 0:00:00]} 2. d4 {[%emt 0:00:00]} d5 {[%emt 0:00:00]} 3. c4 {[%emt 0:00:14]} c6 {[%emt 0:00:17]} 4. e3 Bf5 {[%emt 0:00:55]} 5. cxd5 {[%emt 0:00:32]} cxd5 {[%emt 0:00:15]} 6. Nc3 {[%emt 0:00:05]} e6 {[%emt 0:00:43]} 7. Ne5 {[%emt 0:00:21]} Be7 {[%emt 0:01:34]} 8. g4 {[%emt 0:00:32]} Be4 {[%emt 0:03:18]} 9. f3 {[%emt 0:00:04]} Bg6 {[%emt 0:00:13]} 10. h4 {[%emt 0:00:09]} Nxg4 {[%emt 0:04:48]} 11. Bb5+ {[%emt 0:01:40]} Kf8 {[%emt 0:00:22]} 12. fxg4 {[%emt 0:00:37]} Bxh4+ {[%emt 0:01:12]} 13. Kd2 {[%emt 0:00:02]} a6 14. Nxg6+ {[%emt 0:00:20]} hxg6 {[%emt 0:03:28]} 15. Bd3 {[%emt 0:00:05]} b5 {[%emt 0:01:10]} 16. Qf3 Kg8 17. Ke2 {[%emt 0:03:00]} b4 {[%emt 0:15:10]} 18. Na4 {[%emt 0:02:49]} Nc6 19. Bd2 {[%emt 0:02:09]} e5 {[%emt 0:02:40]} 20. Raf1 Ra7 21. dxe5 {[%emt 0:22:18]} Nxe5 {[%emt 0:17:18]} 22. Qf4 Qe8 {[%emt 0:20:31]} 23. Nc5 {[%emt 0:02:16]} a5 {[%emt 0:01:37]} 24. g5 {[%emt 0:00:34]} Qe7 {[%emt 0:01:20]} 25. Rxh4 {[%emt 0:00:39]} Rxh4 {[%emt 0:00:13]} 26. Qxh4 {[%emt 0:00:02]} Qxc5 {[%emt 0:00:15]} 27. Rc1 {[%emt 0:01:00]} Qf8 {[%emt 0:00:36]} 28. Rh1 {[%emt 0:00:20]} f5 {[%emt 0:02:07]} 29. gxf6 {[%emt 0:00:05]} Nxd3 {[%emt 0:00:36]} 30. f7+ {[%emt 0:00:11]} Rxf7 {[%emt 0:00:59]} 31. Qh7# {[%emt 0:00:03]} 1-0

[Event "Polugaevsky Memorial 2018"]
[Site "Samara"]
[Date "2018.07.10"]
[Round "2"]
[White "Shinkevich Vitaly"]
[Black "Pogorelskikh Sergey"]
[Result "1-0"]
[WhiteElo "2432"]
[BlackElo "2144"]
[Annotator "ChessBase"]
[PlyCount "63"]
[EventDate "2018.07.10"]
[EventType "swiss"]
[EventCountry "RUS"]
[SourceTitle "playchess.com"]
[Source "ChessBase"]
[SourceQuality "1"]
[TimeControl "40/5400+30:1800+30"]

1. d4 {[%emt 0:00:00]} Nf6 {[%emt 0:03:31]} 2. Nf3 {[%emt 0:00:00]} g6 {[%emt 0:00:07]} 3. c4 {[%emt 0:00:00]} Bg7 {[%emt 0:00:13]} 4. g3 {[%emt 0:00:00]} d5 {[%emt 0:00:18]} 5. cxd5 {[%emt 0:00:15]} Nxd5 {[%emt 0:00:07]} 6. Bg2 {[%emt 0:00:02]} Nb6 {[%emt 0:00:12]} 7. O-O {[%emt 0:00:06]} Nc6 {[%emt 0:00:05]} 8. e3 {[%emt 0:00:18]} O-O {[%emt 0:00:07]} 9. Nc3 {[%emt 0:00:02]} Re8 {[%emt 0:00:05]} 10. d5 {[%emt 0:00:56]} Na5 {[%emt 0:00:19]} 11. e4 {[%emt 0:03:25]} c6 {[%emt 0:03:09]} 12. Re1 {[%emt 0:00:46]} cxd5 {[%emt 0:00:14]} 13. exd5 {[%emt 0:00:04]} Nac4 {[%emt 0:02:18]} 14. a4 {[%emt 0:02:42]} Bg4 {[%emt 0:15:11]} 15. h3 {[%emt 0:03:37]} Bxf3 {[%emt 0:06:50]} 16. Qxf3 {[%emt 0:02:28]} Rc8 {[%emt 0:03:47]} 17. a5 {[%emt 0:17:50]} Nd7 {[%emt 0:03:32]} 18. a6 {[%emt 0:01:19]} bxa6 {[%emt 0:09:16]} 19. Rxa6 {[%emt 0:02:02]} Nc5 {[%emt 0:03:18]} 20. Rxa7 {[%emt 0:03:26]} Ne5 {[%emt 0:01:18]} 21. Qe2 {[%emt 0:11:20]} Ned3 {[%emt 0:07:39]} 22. Rd1 {[%emt 0:06:16]} Bd4 {[%emt 0:16:00]} 23. Be3 {[%emt 0:00:50]} Bxe3 {[%emt 0:01:23]} 24. fxe3 {[%emt 0:09:22]} Qb6 {[%emt 0:01:45]} 25. Ra2 {[%emt 0:00:59]} Nb4 {[%emt 0:02:39]} 26. Ra3 {[%emt 0:00:55]} Qd6 {[%emt 0:00:23]} 27. Rd4 {[%emt 0:05:08]} Rb8 {[%emt 0:02:07]} 28. Nb5 Rxb5 {[%emt 0:06:31]} 29. Qxb5 {[%emt 0:07:28]} Rb8 {[%emt 0:00:06]} 30. Qc4 {[%emt 0:02:51]} Qxg3 {[%emt 0:02:42]} 31. Qxc5 {[%emt 0:01:48]} Nd3 {[%emt 0:00:15]} 32. Rdxd3 {[%emt 0:02:08]} 1-0

[Event "Polugaevsky Memorial 2018"]
[Site "Samara"]
[Date "2018.07.10"]
[Round "2"]
[White "Tugarin Anton"]
[Black "Shaposhnikov, Evgeny"]
[Result "0-1"]
[WhiteElo "2248"]
[BlackElo "2572"]
[Annotator "TA"]
[PlyCount "64"]
[EventDate "2018.07.10"]
[EventType "swiss"]
[EventCountry "RUS"]
[SourceTitle "playchess.com"]
[Source "ChessBase"]
[SourceQuality "1"]

{[%evp 13,64,45,66,52,66,55,57,51,59,40,79,65,98,88,102,88,97,47,54,54,35,32,32,33,29,3,39,44,13,0,58,-8,-8,-7,-7,-7,-9,-6,-6,-191,-194,-333,-327,-2331,-2297,-29992,-349,-29992,-29993,-29993,-29994,-29996,-29997]} 1. Nf3 c5 2. c4 Nc6 3. Nc3 Nd4 4. g3 g6 5. Bg2 Bg7 6. O-O Nxf3+ 7. Bxf3 Nf6 8. Rb1 $146 {A37: Symmetrical English vs ...g6: 4 Bg2 Bg7 5 Nf3} ({Predecessor:} 8. d4 cxd4 9. Qxd4 O-O 10. b3 d5 11. cxd5 Nxd5 12. Qxd5 Bxc3 13. Bh6 Qxd5 14. Bxd5 Rd8 15. Rad1 Bh3 16. Bg2 Bxg2 17. Kxg2 Bb2 18. Rb1 Bd4 19. Rfd1 f6 20. Bc1 Kf7 21. Ba3 Bb6 22. Rbc1 {½-½ (40) Feist,P (2258)-Wege,J (2274) Germany 2006}) 8... d6 9. b4 cxb4 10. Rxb4 {White is slightly better.} O-O 11. d3 ({But not} 11. Bxb7 $6 Rb8 $15) 11... Rb8 12. Qa4 a6 13. Be3 Bd7 14. Qa3 Bc6 15. Bxc6 bxc6 16. Rxb8 Qxb8 17. Rb1 Qc8 18. Kg2 h5 19. f3 Re8 20. Ne4 d5 21. Nc5 Qf5 ({Black should play} 21... dxc4 $11 22. dxc4 Nd7) 22. Qxa6 (22. cxd5 $14 Nxd5 23. Bf2) 22... Qe5 $11 23. Bf2 $132 {[%mdl 2048] cxd5 is the strong threat. White is not keeping still} Qxe2 {Black wants to play ...h4!} 24. Re1 Qd2 25. Qxc6 Rb8 26. Nb7 $2 {[#]} ({Not} 26. Rxe7 $2 Rb2 $19) (26. cxd5 $11 Rb2 27. Rf1) 26... h4 $1 $19 {[%cal Bh5h4,Bh4h3][%mdl 32]} 27. Kg1 (27. Qc7 {was worth a try.} Ra8 28. a4) 27... Qxd3 28. Rxe7 $2 (28. Qc7 Ra8 29. Qxe7 Rxa2 30. Qe3 Qxe3 31. Rxe3) 28... h3 29. Qc7 {[#]} Qb1+ $2 (29... Ne4 $1 {[%mdl 512] mates} 30. Rxe4 (30. fxe4 Qd1+) 30... dxe4 31. Qxb8+ Kh7 32. Qh8+ Bxh8 33. Be3 Qxe3+ 34. Kf1 Qxf3+ 35. Kg1 Qg2#) 30. Be1 $2 {[#]} (30. Re1 $19 Qxb7 31. Qxb7 Rxb7 32. a4) 30... Ne4 $1 {[%cal Rb1e1][%mdl 512] Black mates.} 31. Qxb8+ (31. fxe4 Qxe1#) 31... Kh7 {[%cal Rb1e1]} 32. Rxe4 dxe4 {Precision: White = 39%, Black = 66%.} 0-1

[Event "Polugaevsky Memorial 2018"]
[Site "Samara"]
[Date "2018.07.10"]
[Round "2"]
[White "Korchagina Alena"]
[Black "Matinian, Nikita"]
[Result "0-1"]
[WhiteElo "2213"]
[BlackElo "2510"]
[Annotator "TA"]
[PlyCount "83"]
[EventDate "2018.07.10"]
[EventType "swiss"]
[EventCountry "RUS"]
[SourceTitle "playchess.com"]
[Source "ChessBase"]
[SourceQuality "1"]

{[%evp 13,83,22,30,35,31,14,13,8,25,0,8,0,0,11,59,53,50,45,45,43,55,28,35,37,43,39,35,-5,-3,-19,0,0,0,-33,-11,-24,-41,-40,-32,-35,-27,-49,-20,-48,-46,-52,-49,-49,-48,-149,-141,-177,-140,-171,-178,-268,-247,-507,-502,-706,-682,-989,-934,-927,-914,-685,-1252,-1501,-1365,-1633,-1346,-29985]} 1. d4 Nf6 2. Nf3 g6 3. Nbd2 d5 4. e3 Bg7 5. b4 O-O 6. Bb2 {D02: Damenbauernspiele} Bf5 7. Be2 (7. c4 c6 8. Be2 a5 9. bxa5 Qxa5 10. O-O Nbd7 11. a4 Ne4 12. cxd5 Nxd2 13. Nxd2 cxd5 {½-½ (38) Gelfand,B (2697)-Gupta,A (2610) Caleta 2018}) 7... Nbd7 {LiveBook: 3 Partien} 8. c4 {Weiß hat minimalen Vorteil.} a5 $146 ({Vorgänger:} 8... c6 9. Qb3 e6 10. O-O h6 11. Rad1 g5 12. Ne5 Ne4 13. Nxe4 Bxe4 14. Nxd7 Qxd7 {1-0 (58) Van Gool,H (2164)-Vovk,Y (2567) Vlissingen 2009}) 9. a3 c6 10. O-O Ne4 11. Nh4 (11. cxd5 {feels hotter.} cxd5 12. Nxe4 dxe4 13. Nd2 h5 14. Qb1) 11... axb4 (11... Be6 {with more complications.} 12. Nhf3 Bf5) 12. axb4 (12. Nxf5 {seems wilder.} bxa3 13. Bxa3 gxf5 14. cxd5 Nc3 15. Qe1) 12... Rxa1 13. Bxa1 Qb6 (13... Nxd2 {is more complex.} 14. Qxd2 Be6 15. c5 Qc7 16. Bc3 Ra8) 14. Nxf5 gxf5 15. Nxe4 fxe4 16. Qa4 Qc7 17. c5 b5 18. cxb6 Nxb6 19. Qc2 Qd6 20. Qc5 Qxc5 21. dxc5 Nd7 22. Bxg7 Kxg7 $11 {[%mdl 4096] Endspiel KTL-KTS} 23. Rc1 Ne5 24. b5 cxb5 25. Bxb5 Rc8 26. Kf1 Kf6 27. Rc2 e6 28. Ke2 Ke7 29. f3 f5 30. f4 Nd7 31. Bxd7 (31. c6 $15) 31... Kxd7 $15 {KT-KT} 32. Kd2 Ra8 33. Rb2 Kc6 34. Rb6+ (34. Rc2 {ist eine bessere Verteidigung.}) 34... Kxc5 $19 35. Rxe6 $2 (35. Rb2 {ist der einzige Weg für Weiss..}) 35... Ra2+ {Schwarz steht klar auf Gewinn.} 36. Kc3 {[#]} Re2 $1 {[%cal Re2e3]} 37. Re5 Rxe3+ 38. Kd2 Ra3 39. Rxf5 Kd4 40. Rg5 Ra2+ 41. Kd1 e3 42. g3 {Precision: Weiß = 31%, Schwarz = 58%.} 0-1

[Event "Polugaevsky Memorial 2018"]
[Site "Samara"]
[Date "2018.07.10"]
[Round "2"]
[White "Velichko Arseny"]
[Black "Fakhrutdinov, Timur"]
[Result "1/2-1/2"]
[WhiteElo "2177"]
[BlackElo "2460"]
[Annotator "TA"]
[PlyCount "83"]
[EventDate "2018.07.10"]
[EventType "swiss"]
[EventCountry "RUS"]
[SourceTitle "playchess.com"]
[Source "ChessBase"]
[SourceQuality "1"]

{[%evp 11,83,3,0,-19,-22,-26,-13,-15,-16,-33,-35,-29,0,-8,-13,-23,-6,-25,5,0,20,20,56,32,53,45,29,27,64,8,11,2,11,13,16,6,12,9,9,9,9,9,9,8,8,9,3,0,0,0,0,0,0,-25,0,0,0,0,0,0,0,0,0,0,0,0,0,0,0,0,0,0,0,0]} 1. d4 Nf6 2. c4 e6 3. Nf3 d5 4. e3 Be7 5. Bd3 dxc4 6. Bxc4 {D30: Damengambit (ohne Sc3)} c5 {LiveBook: 15 Partien} 7. dxc5 Qxd1+ 8. Kxd1 Ne4 $146 ({Vorgänger:} 8... Bxc5 9. Nbd2 Nbd7 10. b3 b6 11. Bb2 Bb7 12. Ke2 O-O 13. Rhd1 {½-½ (31) Kempinski,R (2612)-Ivanchuk,V (2739) Peristeri 2010}) 9. Ke2 Nxc5 10. Nbd2 {[%cal Bb1d2,Bd2b3,Bb3d4][%mdl 32]} a6 11. a4 Nc6 12. Nb3 Ne4 13. Bd3 Nd6 14. Nbd4 Nb4 15. Bb1 $1 f6 16. Bd2 Nd5 17. Ba2 Ne4 18. Rhc1 Bd7 19. Ba5 Bd6 20. Nd2 ({Besser ist} 20. Rd1 $14) 20... Nxd2 $11 21. Bxd2 Kf7 22. f4 {[%cal Bf2f4,Bf4f5][%mdl 32]} g6 23. g4 {[#] zielt auf f5! ab.} Ke7 24. f5 Nc7 25. Ba5 Rac8 26. Bxc7 Rxc7 27. Rxc7 Bxc7 28. Bxe6 Bxe6 29. fxe6 Bxh2 {[%mdl 4096] Endspiel KTL-KTS} 30. Ra3 Be5 31. Rb3 Rb8 32. Kd3 Kd6 33. a5 {Die Stellung ist ausgeglichen.} Bxd4 (33... Bh2 {feels hotter.} 34. Ke4 Ke7 35. Kd5 Bc7 36. Ke4 h6) 34. exd4 {Droht Tb6+ und aus.} Kxe6 {KT-KT} 35. Rb6+ Ke7 36. b4 h5 37. gxh5 gxh5 38. b5 axb5 39. a6 Ra8 40. axb7 Rb8 41. Rxb5 Kd6 42. Ke4 {Precision: Weiß = 67%, Schwarz = 51%.} 1/2-1/2

[Event "Polugaevsky Memorial 2018"]
[Site "Samara"]
[Date "2018.07.10"]
[Round "2"]
[White "Dubinin Alexander"]
[Black "Drygalov, Andrey"]
[Result "0-1"]
[WhiteElo "2060"]
[BlackElo "2439"]
[Annotator "NA"]
[PlyCount "80"]
[EventDate "2018.07.10"]
[EventType "swiss"]
[EventCountry "RUS"]
[SourceTitle "playchess.com"]
[Source "ChessBase"]
[SourceQuality "1"]
[TimeControl "40/5400+30:1800+30"]

1. e4 {[%emt 0:00:00]} c5 {[%emt 0:00:00]} 2. Nf3 {[%emt 0:00:00]} d6 {[%emt 0:00:00]} 3. d4 {[%emt 0:00:00]} cxd4 {[%emt 0:00:00]} 4. Nxd4 {[%emt 0:00:03]} Nf6 {[%emt 0:00:00]} 5. Nc3 {[%emt 0:00:08]} a6 {[%emt 0:00:00]} 6. Nb3 {[%emt 0:00:46]} g6 {[%emt 0:00:00]} 7. Be3 {[%emt 0:09:25]} Bg7 {[%emt 0:00:41]} 8. Be2 {[%emt 0:03:52]} Nc6 {[%emt 0:04:47]} 9. O-O {[%emt 0:04:51]} O-O {[%emt 0:01:49]} 10. a4 {[%emt 0:05:42]} Be6 {[%emt 0:04:00]} 11. f4 {[%emt 0:09:09]} Rc8 {[%emt 0:07:40] B74: Sizilianisch (Drachen-Variante)} 12. Bf3 {[%emt 0:03:32] LiveBook: 5 Games} Nb4 {[%emt 0:28:25]} (12... Nd7 13. Qe1 Bxb3 14. cxb3 Bd4 15. Bxd4 Nxd4 16. Rd1 Qb6 17. Kh1 e6 18. Qh4 Nxf3 19. Rxf3 Qxb3 {0-1 (33) Pershin,D (2353)-Paravyan,D (2551) St Petersburg 2017}) 13. Rf2 {[%emt 0:05:59]} Qc7 $146 {[%emt 0:23:58]} (13... Bxb3 $5 14. cxb3 h5 $14) ({Vorgänger:} 13... Nd7 14. Nd4 Bc4 15. Rc1 e5 16. fxe5 dxe5 17. Nb3 Qe7 18. Rd2 Rfd8 19. Bg4 {0-1 (30) Zhang,J (1811)-Gonzalez Acosta,B (2423) San Jose 2010}) 14. Rd2 {[%emt 0:08:43]} (14. a5 $16) 14... Bc4 {[%emt 0:05:59]} (14... Nd7 $11) 15. a5 {[%emt 0:05:06]} Bxb3 {[%emt 0:03:45]} (15... Nd7 $11) 16. cxb3 {[%emt 0:00:14]} Nc6 {[%emt 0:00:12]} 17. Bb6 {[%emt 0:05:39]} Qb8 {[%emt 0:00:13]} 18. Nd5 {[%emt 0:01:28]} Nd7 {[%emt 0:00:51]} 19. Be3 {[%emt 0:01:32]} Rfe8 {[%emt 0:06:06]} 20. Nb6 {[%emt 0:15:09]} Nxb6 {[%emt 0:01:03]} 21. Bxb6 {[%emt 0:01:29]} Bf8 {[%emt 0:01:06]} 22. Ra4 {[%emt 0:01:23]} e6 {[%emt 0:01:12]} 23. Rc4 {[%emt 0:01:56]} Be7 {[%emt 0:00:13]} 24. Rd3 {[%emt 0:02:29]} Na7 $14 {[%emt 0:03:52]} (24... Bd8 $11) 25. Bg4 {[%emt 0:06:13]} Nb5 {[%emt 0:05:31]} 26. f5 {[%emt 0:02:59]} Bd8 {[%emt 0:03:29]} 27. Bxd8 {[%emt 0:01:19]} Rcxd8 {[%emt 0:00:37]} 28. f6 {[%emt 0:00:17]} d5 {[%emt 0:02:05]} 29. exd5 {[%emt 0:01:20]} exd5 {[%emt 0:00:28]} 30. Rxd5 {[%emt 0:01:52]} Qa7+ {[%emt 0:02:16]} 31. Rcc5 {[%emt 0:00:11]} h5 {[%emt 0:01:47]} 32. Bf3 {[%emt 0:01:57]} Qxc5+ {[%emt 0:00:06]} 33. Rxc5 {[%emt 0:00:18]} Rxd1+ {[%emt 0:00:03]} 34. Bxd1 {[%emt 0:00:15]} Re1+ {[%emt 0:00:02]} 35. Kf2 {[%emt 0:00:05]} Rxd1 {[%emt 0:00:08]} 36. Rc8+ {[%emt 0:00:50]} Kh7 {[%emt 0:00:05]} 37. Rb8 {[%emt 0:00:54]} Rd7 {[%emt 0:00:15]} 38. h4 Nd4 {[%emt 0:02:37]} 39. Ke3 {[%emt 0:01:13]} Nc6 {[%emt 0:00:43]} 40. Re8 {[%emt 0:00:00]} Rd6 {[%emt 0:00:00] Kd4} 0-1

[Event "Polugaevsky Memorial 2018"]
[Site "Samara"]
[Date "2018.07.10"]
[Round "2"]
[White "Fedorov, Alexey A"]
[Black "Dmitriev Igor"]
[Result "1-0"]
[WhiteElo "1399"]
[BlackElo "2231"]
[Annotator "NA"]
[PlyCount "121"]
[EventDate "2018.07.10"]
[EventType "swiss"]
[EventCountry "RUS"]
[SourceTitle "playchess.com"]
[Source "ChessBase"]
[SourceQuality "1"]
[TimeControl "40/5400+30:1800+30"]

1. c4 {[%emt 0:00:00]} c5 {[%emt 0:01:22]} 2. g3 {[%emt 0:00:14]} Nf6 {[%emt 0:01:03]} 3. Bg2 {[%emt 0:00:10]} e6 {[%emt 0:00:59]} 4. Nf3 {[%emt 0:01:06]} a6 {[%emt 0:01:29]} 5. Nc3 {[%emt 0:06:38]} Nc6 {[%emt 0:05:12]} 6. O-O {[%emt 0:01:40] A34: Symmetrical English: 2 Nc3, lines with ...d5} Qc7 {[%emt 0:02:59]} 7. d4 {[%emt 0:04:05]} cxd4 {[%emt 0:00:23]} 8. Nxd4 {[%emt 0:00:35]} Ne5 {[%emt 0:03:14]} (8... Be7 9. Be3 Ng4 10. Bf4 e5 11. Nd5 Qd8 12. Nxc6 dxc6 13. Nxe7 Qxe7 {0-1 (35) Buhmann,R (2609)-Lubbe,N (2500) Karlsruhe 2017}) 9. Bg5 {[%emt 0:06:46]} Be7 {[%emt 0:03:16]} 10. Rc1 {[%emt 0:05:00]} d6 {[%emt 0:01:23]} 11. b3 $146 {[%emt 0:07:15]} ({Predecessor:} 11. Bxf6 Bxf6 12. c5 dxc5 13. Ne4 Nd7 14. Nxf6+ gxf6 15. Nb3 Rb8 16. Nxc5 Nxc5 {1-0 (32) Mulyar,M (2408)-Ragolta Franco,E (2167) Dallas 2016}) 11... O-O {[%emt 0:04:25]} 12. h3 {[%emt 0:01:19]} Re8 {[%emt 0:05:51]} 13. e4 {[%emt 0:09:44]} Ng6 {[%emt 0:04:14]} 14. Qd2 {[%emt 0:08:26]} Bd7 {[%emt 0:15:17]} 15. Be3 {[%emt 0:02:33]} Rad8 {[%emt 0:03:40]} 16. a4 {[%emt 0:01:41]} Bf8 {[%emt 0:02:06]} 17. Nde2 {[%emt 0:02:05]} Bc8 {[%emt 0:02:52]} 18. f4 {[%emt 0:04:16]} Nd7 {[%emt 0:01:23]} 19. Kh2 {[%emt 0:03:11]} Nc5 {[%emt 0:01:29]} 20. Rb1 {[%emt 0:00:35]} b6 {[%emt 0:01:42]} 21. f5 {[%emt 0:02:26]} Ne5 {[%emt 0:00:22]} 22. f6 {[%emt 0:01:03]} Bb7 {[%emt 0:01:12]} 23. fxg7 {[%emt 0:13:03]} Bxg7 {[%emt 0:00:12]} 24. Nf4 {[%emt 0:00:47]} f6 {[%emt 0:03:05]} 25. Nh5 {[%emt 0:02:51]} Qf7 {[%emt 0:00:11]} 26. Qe2 {[%emt 0:00:25]} Qg6 {[%emt 0:03:45]} 27. Nf4 {[%emt 0:08:01]} Qf7 {[%emt 0:00:43]} 28. Rf2 {[%emt 0:00:16]} Kh8 {[%emt 0:03:19]} 29. Qc2 {[%emt 0:02:20]} Rg8 {[%emt 0:00:40]} 30. Nce2 $11 {[%emt 0:01:41]} Rc8 {[%emt 0:04:27]} 31. Nd4 {[%emt 0:01:20]} Rge8 {[%emt 0:01:06]} 32. Rd1 {[%emt 0:00:15]} Bh6 {[%emt 0:04:31]} 33. Bc1 {[%emt 0:00:36]} Bf8 {[%emt 0:01:29]} 34. Bb2 {[%emt 0:00:33]} Bh6 {[%emt 0:01:19]} 35. Bc1 {[%emt 0:02:09]} Bf8 {[%emt 0:02:37]} 36. Re1 {[%emt 0:01:06]} Bh6 {[%emt 0:02:05]} 37. Rd1 {[%emt 0:00:10]} Bf8 {[%emt 0:00:09]} 38. Rff1 {[%emt 0:00:07]} Bg7 {[%emt 0:03:35]} 39. Qe2 {[%emt 0:02:08]} Rc7 {[%emt 0:02:18]} 40. Bb2 {[%emt 0:00:00]} Bc8 {[%emt 0:00:00]} 41. g4 {[%emt 0:06:40]} Rf8 {[%emt 0:05:51]} 42. Nh5 {[%emt 0:03:03]} Qg6 {[%emt 0:00:36]} 43. Bc1 {[%emt 0:04:10]} Bh6 {[%emt 0:01:25]} 44. Bxh6 {[%emt 0:04:50]} Qxh6 {[%emt 0:00:03]} 45. Rf2 {[%emt 0:01:26]} Rcf7 {[%emt 0:00:56]} 46. Kg1 {[%emt 0:03:50]} Qg5 {[%emt 0:00:36]} 47. Nf3 {[%emt 0:00:44]} Nxf3+ {[%emt 0:00:54]} 48. Qxf3 {[%emt 0:01:32]} Qe5 {[%emt 0:08:41]} 49. Qg3 {[%emt 0:00:34]} Qxg3 {[%emt 0:04:57]} 50. Nxg3 {[%emt 0:00:03]} Nxb3 {[%emt 0:01:33]} 51. Rxd6 {[%emt 0:00:28]} Nc5 {[%emt 0:00:20]} 52. e5 {[%emt 0:02:37]} f5 {[%emt 0:03:47]} 53. Bc6 {[%emt 0:01:23]} Re7 {[%emt 0:07:27]} 54. Kh2 {[%emt 0:04:29]} Bd7 {[%emt 0:00:38]} 55. gxf5 {[%emt 0:00:24]} Bxc6 {[%emt 0:00:56]} 56. Rxc6 {[%emt 0:00:06]} exf5 {[%emt 0:00:06]} 57. Rxf5 {[%emt 0:00:41]} Rfe8 {[%emt 0:00:16]} 58. a5 {[%emt 0:01:09]} Nd7 {[%emt 0:00:28]} 59. axb6 {[%emt 0:00:00]} Nxe5 {[%emt 0:00:34]} 60. Rxe5 {[%emt 0:01:17]} Rxe5 {[%emt 0:00:02]} 61. b7 {[%emt 0:00:07]} 1-0